I problema del secolo XIX: conferenze recitate nella Metropolitana di Genova

Gespeichert in:
Bibliographische Detailangaben
1. Verfasser: Alimonda, Gaetano (VerfasserIn)
Format: Buch
Sprache:Italienisch
Veröffentlicht: Génova Tipogafia della Gioventu 1876
Ausgabe:1a. ed
Schlagworte:
Tags: Tag hinzufügen
Keine Tags, Fügen Sie den ersten Tag hinzu!

MARC

LEADER 00000cam a2200000 a 4500
001 UCD3482
003 CL-VaPUC
008 160609e18760000it |||||||||||||||||ita|d
082 0 4 |a 261.8  |b ALI  |2 21 
100 0 |a Alimonda, Gaetano  |e author  |9 586990 
245 1 2 |a I problema del secolo XIX: conferenze recitate nella Metropolitana di Genova 
250 |a 1a. ed 
300 |a v 
942 |c BK 
945 |d 20160609 22:21:00  |a dcastane 
260 |a Génova  |b Tipogafia della Gioventu  |c 1876 
650 0 |a Cristianismo  |9 257361 
650 0 |a Problemas sociales  |9 258537 
650 7 |a HISTORIA SIGLO 19  |2 CL-VaPUC  |9 257187 
583 |a last modification  |c 20160609 22:21:00  |k Rodrigo Vera 
999 |c 364518  |d 364516 
952 |0 0  |1 0  |3 erd  |4 0  |6 261_800000000000000_ALI_1876  |7 0  |8 X  |9 477766  |a BIBTEO  |b BIBTEO  |c TEO_FFR  |h v.4  |i 5235138  |o 261.8 ALI 1876  |p 5235138  |r 2023-01-25  |w 2019-11-24  |y BK_X  |z Catalogado en:20160609  |k OFM